| 000 | 00508nam a2200157 4500 | ||
|---|---|---|---|
| 001 | 145216 | ||
| 003 | ES-MaACL | ||
| 005 | 20230906201203.0 | ||
| 007 | t| | ||
| 008 | 070214s1947 sp r ||||1| spa d | ||
| 100 | 1 |
_aSouto Vilas, Manuel. _9107597 |
|
| 245 | 1 | 3 |
_aLa cuestión de la enseñanza media _b: educación y revolución : ensayos de política cultural / _cManuel Souto Vilas. |
| 260 |
_aBilbao : _bVita e Sapientia, _c1947. |
||
| 300 |
_a139 p. ; _c17 cm. |
||
| 852 |
_aES-MaACL _j1872-F-2 _bR.23979 |
||
| 999 |
_c145216 _d145216 |
||